Państwa według zdjęcia #2 - Statystyki

Ogólne statystyki
  • Ten quiz został rozwiązany 3 412 razy
  • Średni wynik to 10 z 15
Statystyki odpowiedzi
Obrazkowy Odpowiedź % Poprawnych
Egipt
100%
Wielka Brytania
97%
Peru
86%
Mongolia
82%
Arabia Saudyjska
77%
Włochy
76%
Turcja
67%
Irak
62%
Malezja
56%
Wietnam
53%
Szwajcaria
51%
Ukraina
43%
Indonezja
42%
Madagaskar
39%
Ekwador
27%
Nie znaleziono quizów pasujących do podanych kryteriów
Rozkład punktacji
Procent ludzi z każdym wynikiem
Percentyl według liczby udzielonych odpowiedzi
Twoja historia wyników
Nie rozwiązałeś tego quizu